| 000 | 02903ngm a2200469 4500 | ||
|---|---|---|---|
| 003 | dpl | ||
| 005 | 20081119124243.0 | ||
| 007 | DVD | ||
| 008 | ||||||sp199 xxu|||||c ||| 00| 0 ng d | ||
| 010 | _aDVD-001185 DVD-001646-1647 & DVD-004457-4461 | ||
| 024 |
_aSHE DVD 136 _c169.00 |
||
| 035 | _aDVD-001185 DVD-001646-1647 | ||
| 035 | _aDVD-004457-4461 | ||
| 040 |
_aDPL _cDPL |
||
| 082 | _aDVD / BOOT | ||
| 245 |
_aBoot Polish _cRaj Kapoor Classics Presents _h[videorecording] DVD/ |
||
| 260 | _bShemaroo Video Pvt. Ltd. | ||
| 300 |
_a1 videodisc DVD; (139 min.) : _bsd., col. ; _c4 3/4 in. _fDVD |
||
| 440 | _aShemaroo Home Entertainment | ||
| 500 | _aDigitally Re-Mastered From the Original Film | ||
| 500 | _aInteractive Menus of Songs and Scenes for Easy Access | ||
| 500 | _aFilmfare Award Winner Best Supporting Actor: David | ||
| 538 | _aDolby Digital 5.1 - Hindi Subtitles: English | ||
| 650 | _aMotion Picture | ||
| 700 | _aKapoor, Raj | ||
| 700 | _aArora, Prakash | ||
| 700 | _aShankar Jaikishan | ||
| 700 | _aBaby Naaz | ||
| 700 | _aMaster Ratan | ||
| 700 | _aDavid | ||
| 942 |
_cCF _2ddc _hDVD _mBOOT |
||
| 999 |
_c18718 _d18718 |
||